প্রাচীন বাঙ্গালা পত্র সঙ্কলন / (Record no. 39962)
[ view plain ]
| 000 -LEADER | |
|---|---|
| fixed length control field | 00908nam a2200229 a 4500 |
| 001 - CONTROL NUMBER | |
| control field | 39962 |
| 003 - CONTROL NUMBER IDENTIFIER | |
| rucl marc code | BD-RjUL |
| 005 - DATE AND TIME OF LATEST TRANSACTION | |
| control field | 20211209053115.0 |
| 008 - FIXED-LENGTH DATA ELEMENTS--GENERAL INFORMATION | |
| fixed length control field | 160420s1942 ii a|||| |||| 001 0 ben d |
| 035 ## - SYSTEM CONTROL NUMBER | |
| System control number | (BD-RjUL)40076 |
| 040 ## - CATALOGING SOURCE | |
| Original cataloging agency | BD-RjUL |
| Language of cataloging | ben |
| Transcribing agency | BD-RjUL |
| 041 ## - LANGUAGE CODE | |
| Language code of text/sound track or separate title | beneng |
| 082 ## - DEWEY DECIMAL CLASSIFICATION NUMBER | |
| Edition number | 23 |
| Classification number | 891.4408 |
| Author mark and year | SEP 1942 |
| 100 ## - MAIN ENTRY--PERSONAL NAME | |
| Personal name | সেন, সুরেন্দ্রনাথ |
| 9 (RLIN) | 123090 |
| 245 10 - TITLE STATEMENT | |
| Title | প্রাচীন বাঙ্গালা পত্র সঙ্কলন / |
| Statement of responsibility, etc. | সুরেন্দ্রনাথ সেন |
| 260 ## - PUBLICATION, DISTRIBUTION, ETC. (IMPRINT) | |
| Place of publication, distribution, etc. | কলিকাতা : |
| Name of publisher, distributor, etc. | শ্রী স্বরস্বতী প্রেস, |
| Date of publication, distribution, etc. | ১৯৪২ |
| 300 ## - PHYSICAL DESCRIPTION | |
| Pagination | [১৪], ৩৮৪ পৃ. ; |
| Size | ২২ সেমি |
| 504 ## - BIBLIOGRAPHY, ETC. NOTE | |
| Bibliography, etc | নির্ঘন্ট সম্বলিত |
| 650 ## - SUBJECT ADDED ENTRY--TOPICAL TERM | |
| Topical term or geographic name as entry element | বাংলা সাহিত্য |
| 9 (RLIN) | 123091 |
| Topical term or geographic name as entry element | Bengali Literature |
| 9 (RLIN) | 123092 |
| 942 ## - ADDED ENTRY ELEMENTS (KOHA) | |
| Source of classification or shelving scheme | Dewey Decimal Classification |
| Koha item type | Books |
| Lost status | Source of classification or shelving scheme | Damaged status | Not for loan | Collection code | Permanent Location | Current Location | Shelving location | Date acquired | Source of acquisition | Cost, normal purchase price | Total Checkouts | Full call number | Date last seen | Copy number | Koha item type | Date checked out |
|---|---|---|---|---|---|---|---|---|---|---|---|---|---|---|---|---|
| Dewey Decimal Classification | Not For Loan | Non-fiction | Central Library, University of Rajshahi | Central Library, University of Rajshahi | Reading Room | 23/11/1962 | Kolikata, Kawala Book | 5.00 | B 891.4408 SEP 1942 | 20/04/2016 | C-1 | Books | ||||
| Dewey Decimal Classification | Non-fiction | Central Library, University of Rajshahi | Central Library, University of Rajshahi | 23/11/1962 | Kamala book | 5.00 | 1 | B 891.4408 SEP 1942 | 27/04/2025 | C-2 | Books | 15/04/2025 |